| 000 | 00368nam a22001577a 4500 | ||
|---|---|---|---|
| 020 | _a978-0-357-89983-0 | ||
| 082 | _a657 | ||
| 100 | _aWarren, Carl S. | ||
| 245 | _aFinancial Accounting | ||
| 250 | _a17th | ||
| 260 |
_aBosto: _bCengage, _c2021 |
||
| 300 | _axxiv, 810p.: ill.; 28cm | ||
| 700 | _aJones, Jefferson P. | ||
| 700 | _aTayler, William B. | ||
| 942 | _cBK | ||
| 999 |
_c22191 _d22191 |
||